| 000 | 00000nam 2200000za 4500 |
| 001 | 9.529331 |
| 003 | CaOODSP |
| 005 | 20200401035248 |
| 007 | ta |
| 008 | 150406s1997 oncd f000 0 fre d |
| 020 | |a0-662-63096-3 |
| 040 | |aCaOODSP|bfre |
| 041 | |aeng |
| 041 | |afre |
| 043 | |an-cn--- |
| 086 | 1 |aEn56-119/8-1997-1 |
| 110 | 1 |aCanada. |bEnvironnement Canada. |
| 245 | 10|aSommaire national pour les décideurs|cPréparé sous la direction de Barrie Maxwell, Nicola Mayer et Roger Street. |
| 260 | |aOttawa - Ontario : |bEnvironnement Canada |c1997. |
| 300 | |aTexte français, 24p. : |bfigures, graphiques, ill. ; |c28 cm. |
| 490 | 1 |aÉtude Pan-canadienne |
| 546 | |aBilingue. Bilingue |
| 563 | |aCouverture souple |
| 590 | |a97-49|b1997-12-05 |
| 691 | 07|aClimat|2gcpds |
| 720 | 1 |aMaxwell, Barrie |
| 720 | 1 |aMayer, Nicola |
| 720 | 1 |aStreet, Roger |
| 776 | 0#|tNational summary for policy makers|w(CaOODSP)9.574602 |
| 776 | 0#|tSommaire national pour les décideurs|w(CaOODSP)9.604340 |
| 791 | |tNational summary for policy makers|eeng|w(CaOODSP)9.529330 |
| 830 | #0|aL'étude pan-canadienne.|w(CaOODSP)9.509289 |